| 000 | 00644nam a2200253Ia 4500 | ||
|---|---|---|---|
| 003 | OSt | ||
| 005 | 20220928125041.0 | ||
| 006 | a|||||r|||| 00| 0 | ||
| 007 | ta | ||
| 008 | 220927b |||||||| |||| 00| 0 eng d | ||
| 024 | _a67695 | ||
| 037 | _cTextual | ||
| 040 |
_aSDCL _cSDCL _beng |
||
| 041 |
_2eng _aeng |
||
| 082 | _aI23, P4 | ||
| 100 |
_aDube H C _9467769 |
||
| 245 | 0 | _aTextbook of fungi, bacteria and viruses | |
| 250 | _a2 | ||
| 260 |
_aNew Delhi _bVikas Publishing House _c2004 |
||
| 300 |
_axvii, 260p _ccm. |
||
| 650 |
_aFungi _9427887 |
||
| 942 |
_hI23, P4 _cTEXL _2CC |
||
| 999 |
_c780647 _d780647 |
||